Čo má baviť Američanov

Bibliographic Details
Main Author: Darovec, Peter, 1970- (Author)
Format: Article
Language:Slovak
ISSN:1335-1702
Subjects:

MARC

LEADER 00000nab a2200000 a 4500
001 vtls000754244
003 SK-MaSNL
005 20260304142744.0
008 250505c2000 xo 0 slo
015 |a SNBRB2001/04-12748 
035 |a CLN000106031 
035 |a urn:nbn:sk:snk-ab9xdd 
035 |a (urnnbn)urn:nbn:sk:snk:ar-a093ef 
035 |a (uuid)268a2b51-8b5e-46d5-9daf-95ac4fc82cb7 
040 |a SNKBUCL  |b slo  |c SNKBUCL  |e AACR2 
041 0 |a slo 
044 |a xo  |c SK 
080 |a 82.09:820-3(048)  |2 1997 
080 |a 820-3(048)  |2 1997 
100 1 |a Darovec, Peter,  |d 1970-  |4 aut  |9 228274 
245 1 0 |a Čo má baviť Američanov  |c Peter Darovec 
650 0 7 |a novely spoločenské anglické  |x recenzie  |2 snkbucl  |9 1462749 
655 7 |a články z novín a časopisov  |2 snkbucl  |9 267496 
773 0 |t RAK  |g Roč. 5, č. 5-6 (2000), s. 115-118  |x 1335-1702 
787 0 8 |i Rec.:  |a Amis, Martin, 1949-  |t Noční vlak  |d Praha : Volvox Globator, 2000 
850 |a Slovenská národná knižnica 
852 |a Slovenská národná knižnica 
958 |a article13 
958 |a OND 
958 |a LX 
958 |a GB 
958 |a RC 
958 |a EUIPO 
992 |a RBX 
999 |c 2922749  |d 2924679